000 00411nam a2200181Ia 4500
001 25086
005 20260414151126.0
008 260414t1943||||xx |||||||||||||| ||spa||
041 _aESP
082 _a346.2
_bA72
100 _aArias, José
_eAUT
245 0 _aDerecho de familia
_b
260 _c1943
300 _a438 páginas :
_c23 cm.
650 _aDER
654 _aCDE
942 _cLIB
_dJUS
_fJUS
_2ddc
_n
999 _c25086
_d25086